000 02103cam a22002775a 4500
999 _c27267
_d27238
005 20190321103539.0
008 180201t2018 enka frb 001 0 eng d
020 _a9781316610053
040 _aStDuBDS
_beng
_cStDuBDS
_dEG-ScBUE
043 _ama-----
082 0 4 _a320.91724
_bPAR
_222
245 0 0 _aParties, movements, and democracy in the developing world /
_cedited by Nancy Bermeo, Deborah J. Yashar.
250 _a1st paperback ed.
260 _aCambridge :
_bCambridge University Press,
_cc.2018.
300 _axi, 227 p. :
_bill. ;
_c24 cm.
490 0 _aCambridge studies in contentious politics.
504 _aIncludes bibliographical references and index.
520 _aThis volume analyzes regime politics in the developing world. By focusing on the civilian, collective actors that forge democracy and sustain it, this book moves beyond materialist arguments focusing on GDP, poverty, and inequality. With case material from four continents, this volume emphasizes the decisive role played by parties and movements in forging democracy against the odds. These pivotal collectivities are consistently the key civilian collectivities that successfully mobilized for democracy, that helped forge enduring democratic institutions, and that shaped the quality of the democracies that emerged; they are the ones tasked with mobilizing along a range of social cleavages, confronting seemingly inhospitable conditions, and coordinating the process of regime change. While the presence of parties and movements alone is not sufficient to explain democracy, their absence is detrimental to enduring democratic regimes. Thus, this volume refocuses our attention on parties and movements as critical mechanisms of regime change.
650 7 _aPolitical parties
_zDeveloping countries.
_2BUEsh
_928846
650 7 _aDemocracy
_zDeveloping countries.
_2BUEsh
_93712
651 7 _aDeveloping countries
_xPolitics and government
_y21st century.
_2BUEsh
653 _bBUSBOL
_cMarch2019
700 1 _aBermeo, Nancy Gina,
_d1951-
_eeditor.
700 1 _aYashar, Deborah J.,
_d1963-
_eeditor.
942 _2ddc